[Event "It (open)"]
[Site "masterchessopen.com - masterchessopen.com - Split (Croatia)"]
[Round "4"]
[White "Erceg Slobodan (CRO)"]
[Black "Horvat Sasa (CRO)"]
[Result "1-0"]
[WhiteElo "1947"]
[BlackElo "2111"]

1.d4 Nf6 2.c4 c5 3.d5 b5 4.cxb5 a6 5.e3 axb5 6.Bxb5 Qa5+ 7.Nc3 Ba6 8.Bxa6 Nxa6
9.Bd2 Nb4 10.Qb1 Qa6 11.a4 Nd3+ 12.Kf1 Ng4 13.Be1 Ndxf2+ 14.Nb5 Nxh1 15.Qd3
Nxh2+ 16.Ke2 Rc8 17.Nc7+ Rxc7 18.Qxa6 e6 19.d6 Bxd6 20.Qxd6 Rc8 21.Rd1 {#r}
1-0

[Event "Memorial M.Chigorin (open)"]
[Site "masterchessopen.com - masterchessopen.com - St. Petersburg (Russia)"]
[Round "1"]
[White "Pitkanen Juhani (FIN)"]
[Black "Arakelov Ilya (RUS)"]
[Result "0-1"]
[WhiteElo "1724"]
[BlackElo "2365"]

1.d4 Nf6 2.c4 c5 3.d5 b5 4.cxb5 a6 5.f3 e6 6.Nc3 axb5 7.dxe6 fxe6 8.e4 b4
9.Nb1 d5 10.exd5 exd5 11.Bb5+ Kf7 12.Bg5 Bb7 13.Nh3 c4 14.Bxc4 Bc5 15.Be2 Re8
16.Nf2 Ba6 17.Nd3 Nc6 18.f4 Bxd3 19.Qxd3 Nd4 20.Kd1 Rxe2 {#R} 0-1

[Event "Ch Belgium (team) 2002/03"]
[Site "masterchessopen.com - masterchessopen.com - Belgium"]
[Round "3"]
[White "Lamby Philipp (GER)"]
[Black "Vandevoort Pascal (BEL)"]
[Result "0-1"]
[WhiteElo "2154"]
[BlackElo "2348"]

1.d4 Nf6 2.c4 c5 3.d5 b5 4.cxb5 a6 5.f3 e6 6.e4 exd5 7.exd5 Bd6 8.Qe2+ Kf8
9.Nc3 axb5 10.Qxb5 Na6 11.Qb3 Qe7+ 12.Kf2 Nb4 13.Bd2 Rb8 14.Re1 Be5 15.Qd1
Nbxd5 16.Bc4 Rxb2 17.Nxd5 Nxd5 18.Bxd5 Qh4+ 19.Kf1 Ba6+ 20.Ne2 Bd4 {#R} 0-1

[Event "Olympiad (w)"]
[Site "masterchessopen.com - masterchessopen.com - Bled (Slovenia)"]
[Round "5"]
[White "Medic Mirjana (CRO)"]
[Black "Koskoska Gabriela (MKD)"]
[Result "0-1"]
[WhiteElo "2308"]
[BlackElo "2240"]

1.d4 Nf6 2.c4 c5 3.d5 b5 4.cxb5 a6 5.Nc3 axb5 6.e4 b4 7.Nb5 d6 8.Bf4 g5 9.Be3
h6 10.h4 Rg8 11.hxg5 hxg5 12.e5 Ng4 13.e6 Nf6 14.exf7+ Kxf7 15.Nf3 Bg4 16.Be2
Bxf3 17.Bxf3 g4 18.Be2 Nbd7 19.a4 Bg7 20.Bxg4 Nxg4 21.Qf3+ Ndf6 {#R} 0-1

[Event "Tournament (Elo)"]
[Site "masterchessopen.com - masterchessopen.com - Budapest (Hungary)"]
[Round "9"]
[White "Por Attila (HUN)"]
[Black "Ladanyi Gyula (HUN)"]
[Result "1-0"]
[WhiteElo "2078"]
[BlackElo "1951"]

1.d4 Nf6 2.c4 c5 3.d5 b5 4.cxb5 a6 5.f3 axb5 6.e4 Qa5+ 7.Bd2 b4 8.Na3 Ba6
9.Nc4 Bxc4 10.Bxc4 d6 11.Ne2 g6 12.O-O Bg7 13.a3 Qb6 14.Qb3 Nfd7 15.axb4 Rxa1
16.Rxa1 cxb4+ 17.Kh1 Nc5 18.Qxb4 Qxb4 19.Bxb4 Bxb2 20.Rb1 {#r} 1-0

[Event "It \"]
[Site "masterchessopen.com - masterchessopen.com - Frankfurt (Germany)"]
[Round "3"]
[White "Nazarenus Moritz (GER)"]
[Black "Tierling Detlef (GER)"]
[Result "1-0"]
[WhiteElo "2117"]
[BlackElo "2023"]

1.d4 Nf6 2.c4 c5 3.d5 b5 4.cxb5 a6 5.f3 axb5 6.e4 e6 7.Bxb5 Ba6 8.Bxa6 Nxa6
9.Nc3 Nb4 10.Nh3 exd5 11.exd5 Qb6 12.Bf4 d6 13.a3 Qa6 14.Nf2 Be7 15.Rc1 Nh5
16.Be3 {#r} 1-0

[Event "It (open)"]
[Site "masterchessopen.com - masterchessopen.com - Hoogeveen (Netherlands)"]
[Round "6"]
[White "Grooten Herman (NED)"]
[Black "De Vreugt Dennis (NED)"]
[Result "0-1"]
[WhiteElo "2408"]
[BlackElo "2504"]

1.d4 Nf6 2.c4 c5 3.d5 b5 4.cxb5 a6 5.b6 e6 6.Nc3 Nxd5 7.Nxd5 exd5 8.Qxd5 Nc6
9.Nf3 Rb8 10.Bd2 Rxb6 11.e4 Be7 12.Bc3 O-O 13.Bc4 Bb7 14.Qf5 Nd4 15.Nxd4 cxd4
16.Bxd4 Re6 17.f3 d5 18.Bb3 Bc8 19.O-O-O Rc6+ {#R} 0-1

[Event "Ch Israel (team)"]
[Site "masterchessopen.com - masterchessopen.com - Israel"]
[Round "3"]
[White "Kaminik Aleksandar (ISR)"]
[Black "Gershon Alik (ISR)"]
[Result "0-1"]
[WhiteElo "2266"]
[BlackElo "2571"]

1.d4 Nf6 2.c4 c5 3.d5 b5 4.cxb5 a6 5.b6 e6 6.Nc3 Nxd5 7.Nxd5 exd5 8.Qxd5 Nc6
9.e4 Be7 10.Bc4 O-O 11.Nf3 Rb8 12.O-O Rxb6 13.Qh5 d6 14.Rd1 Be6 15.Bxe6 fxe6
16.Qg4 Qc8 17.e5 Rb4 18.Qh3 dxe5 19.b3 Rf5 20.Ba3 Rb7 {#R} 0-1

[Event "Ch Russia (1/2 final)"]
[Site "masterchessopen.com - masterchessopen.com - Novosibirsk (Russia)"]
[Round "3"]
[White "Zakharov Alexander (RUS)"]
[Black "Kovalev Evgeny (RUS)"]
[Result "0-1"]
[WhiteElo "2411"]
[BlackElo "2188"]

1.d4 Nf6 2.c4 c5 3.d5 b5 4.cxb5 a6 5.b6 e6 6.Nc3 exd5 7.Nxd5 Nxd5 8.Qxd5 Nc6
9.e4 Be7 10.Bc4 O-O 11.Ne2 Qxb6 12.O-O d6 13.Qh5 Ne5 14.Nf4 Bg4 15.Nd5 Qd8
16.Nxe7+ Qxe7 17.Bg5 Qd7 18.Qh4 Nxc4 19.b3 Na3 20.h3 Be6 {#R} 0-1

[Event "It (open)"]
[Site "masterchessopen.com - masterchessopen.com - Winterthur (Switzerland)"]
[Round "2"]
[White "Lang Erich (SUI)"]
[Black "Gershon Alik (ISR)"]
[Result "0-1"]
[WhiteElo "2078"]
[BlackElo "2571"]

1.d4 Nf6 2.c4 c5 3.d5 b5 4.cxb5 a6 5.b6 e6 6.Nc3 Nxd5 7.Nxd5 exd5 8.Qxd5 Nc6
9.e4 Be7 10.Bc4 O-O 11.Nf3 Rb8 12.O-O Rxb6 13.Be3 d6 14.h3 Be6 15.Qd3 Rxb2
16.Bxe6 fxe6 17.Qxa6 Nb4 18.Qb5 Qc7 19.Rfd1 Qc6 20.Qxc6 Nxc6 21.Ng5 Bxg5 {#R}
0-1

[Event "Landesliga 2003/04"]
[Site "masterchessopen.com - masterchessopen.com - Germany"]
[Round "2"]
[White "Beerbaum Dirk (GER)"]
[Black "Stutz Reno Dr (GER)"]
[Result "1-0"]
[WhiteElo "2098"]
[BlackElo "2017"]

1.d4 Nf6 2.c4 c5 3.d5 b5 4.cxb5 a6 5.b6 Bb7 6.Nc3 e6 7.e4 exd5 8.exd5 d6 9.a4
a5 10.Bb5+ Nbd7 11.Nge2 Be7 12.O-O O-O 13.Ng3 Nxb6 14.Nf5 Nfxd5 15.Qg4 Bf6
16.Rd1 Kh8 17.Ra3 g6 18.Nxd5 Bxd5 19.Qf4 Be5 20.Qh6 Qf6 21.Rh3 {#r} 1-0

[Event "It (open)"]
[Site "masterchessopen.com - masterchessopen.com - Nisa (Yugoslavia)"]
[Round "6"]
[White "Rakitin I (BLR)"]
[Black "Miljkovic Miroslav (SRB)"]
[Result "0-1"]
[WhiteElo "2136"]
[BlackElo "2428"]

1.d4 Nf6 2.c4 c5 3.d5 b5 4.cxb5 a6 5.f3 e6 6.dxe6 fxe6 7.e4 d5 8.bxa6 Nxa6
9.Nh3 c4 10.Be3 Bc5 11.Bxc5 Nxc5 12.Be2 Qb6 13.Qc2 Nb3 14.axb3 Rxa1 15.bxc4
dxe4 16.Nf2 exf3 17.Bxf3 Qe3+ 18.Be2 Bb7 19.O-O O-O 20.Qc3 Qxe2 {#R} 0-1

[Event "Ch Asturias"]
[Site "masterchessopen.com - masterchessopen.com - Oviedo (Spain)"]
[Round "8"]
[White "Garcia Gonzalez Francisco (ESP)"]
[Black "Cabello Aguilar Enrique (ESP)"]
[Result "0-1"]
[WhiteElo "1959"]
[BlackElo "2139"]

1.d4 Nf6 2.c4 c5 3.d5 b5 4.cxb5 a6 5.Nc3 axb5 6.e4 b4 7.Nb5 d6 8.Bf4 g5 9.Be3
Nxe4 10.f3 Nf6 11.Bxg5 Bg7 12.Bc4 Nbd7 13.a4 Nb6 14.Qb3 Ba6 15.Ra2 Nxc4
16.Qxc4 Qa5 {#R} 0-1

[Event "Ch Provence"]
[Site "masterchessopen.com - masterchessopen.com - Provence (France)"]
[Round "6"]
[White "Maruejols Claude (FRA)"]
[Black "Pieri Thierry (FRA)"]
[Result "1-0"]
[WhiteElo "2032"]
[BlackElo "1934"]

1.d4 Nf6 2.c4 c5 3.d5 b5 4.cxb5 a6 5.e3 axb5 6.Bxb5 Qa5+ 7.Nc3 Bb7 8.Ne2 Bxd5
9.O-O Bc6 10.a4 e6 11.e4 Bxe4 12.Nxe4 Nxe4 13.Ng3 Nf6 14.Re1 g6 15.Bd2 Qd8
16.Bc3 Rg8 17.Qf3 {#r} 1-0

[Event "Dos Hermanas Qualifier (16-B)"]
[Site "masterchessopen.com - masterchessopen.com - Internet"]
[Date "2003.03.17"]
[Round "9"]
[White "Rychagov Andrey (RUS)"]
[Black "Sarkar Justin (USA)"]
[Result "0-1"]
[WhiteElo "2541"]
[BlackElo "2386"]

1.d4 Nf6 2.c4 c5 3.d5 b5 4.cxb5 a6 5.b6 e6 6.Nc3 Bb7 7.e4 exd5 8.exd5 d6 9.Bc4
Nbd7 10.Nf3 Be7 11.O-O O-O 12.h3 Nxb6 13.b4 cxb4 14.Bd3 bxc3 15.Rb1 Bxd5
16.Be3 Nc4 17.Bd4 Nb2 {#R} 0-1

[Event "Dos Hermanas Qualifier (17-A)"]
[Site "masterchessopen.com - masterchessopen.com - Internet"]
[Date "2003.03.17"]
[Round "1"]
[White "Umansky Mikhail (GER)"]
[Black "Garcia Martin Juan Miguel (ESP)"]
[Result "1-0"]
[WhiteElo "2481"]
[BlackElo "2022"]

1.d4 Nf6 2.c4 c5 3.d5 b5 4.cxb5 a6 5.b6 Qxb6 6.Nc3 d6 7.e4 a5 8.Nf3 g6 9.Bb5+
Nbd7 10.e5 dxe5 11.Nxe5 Ba6 12.Bc6 Bb7 13.Nxd7 Nxd7 14.Qa4 Bxc6 15.dxc6 Ne5
16.Nd5 Nxc6 {#r} 1-0

[Event "It (open)"]
[Site "masterchessopen.com - masterchessopen.com - Tilburg (Netherlands)"]
[Date "2003.08.23"]
[Round "2"]
[White "Peek Maurice (NED)"]
[Black "Van Oosterom Chiel (NED)"]
[Result "1-0"]
[WhiteElo "2343"]
[BlackElo "2211"]

1.d4 Nf6 2.c4 c5 3.d5 b5 4.cxb5 a6 5.Nc3 axb5 6.e4 b4 7.Nb5 d6 8.Bf4 g5 9.e5
gxf4 10.exf6 Ra5 11.a4 e6 12.dxe6 Bxe6 13.Ne2 Qxf6 14.Nxd6+ Bxd6 15.Qxd6 Nd7
16.Rb1 f3 17.Nf4 c4 18.g3 Re5+ 19.Kd1 Qf5 20.Rc1 Qe4 21.Bd3 {#r} 1-0

[Event "Ch Slovakia (team) 2004/05 (1 liga) West"]
[Site "masterchessopen.com - masterchessopen.com - Slovakia"]
[Round "1"]
[White "Hudec Jan (SVK)"]
[Black "Bochnickova Andrea (SVK)"]
[Result "1-0"]
[WhiteElo "2134"]
[BlackElo "2184"]

1.d4 Nf6 2.c4 c5 3.d5 b5 4.cxb5 a6 5.Nc3 axb5 6.e4 b4 7.Nb5 d6 8.Bc4 g6 9.e5
Ng4 10.Nf3 Nxe5 11.Nxe5 dxe5 12.d6 Ra5 13.Nc7+ Kd7 14.dxe7+ Kxe7 15.Bg5+ {#r}
1-0

[Event "Ch Poland (juniors) (under 16) (g)"]
[Site "masterchessopen.com - masterchessopen.com - Leba (Poland)"]
[Date "2004.03.28"]
[Round "2"]
[White "Kozak Magdalena (POL)"]
[Black "Zdziarska Lidia (POL)"]
[Result "1-0"]
[WhiteElo "2094"]
[BlackElo "1921"]

1.d4 Nf6 2.c4 c5 3.d5 b5 4.cxb5 a6 5.b6 e6 6.Nc3 Nxd5 7.Nxd5 exd5 8.Qxd5 Nc6
9.Nf3 Rb8 10.e4 Be7 11.Bc4 O-O 12.Bd2 Rxb6 13.Bc3 Nb4 14.Qd2 Rg6 15.O-O Bb7
16.Ne5 Rd6 17.Qf4 Qe8 18.Qg3 g6 19.Ng4 h5 20.Qxd6 hxg4 21.Qxg6# 1-0

[Event "Cup Doeberl"]
[Site "masterchessopen.com - masterchessopen.com - Canberra (Australia)"]
[Date "2004.04.11"]
[Round "5"]
[White "Safarian Alek (AUS)"]
[Black "Chan Jason (AUS)"]
[Result "0-1"]
[WhiteElo "2092"]
[BlackElo "2140"]

1.d4 Nf6 2.c4 c5 3.d5 b5 4.cxb5 a6 5.f3 d6 6.e4 g6 7.Nc3 Bg7 8.Be3 O-O 9.Bd3
Nbd7 10.Rc1 Ne5 11.Bb1 Nc4 12.Bf2 Qa5 13.bxa6 Bxa6 14.Qa4 Rfb8 15.b3 Qxa4
16.Nxa4 Na3 17.Ne2 Bh6 18.Rd1 Bxe2 19.Kxe2 Rxa4 20.Bxc5 Nxb1 {#R} 0-1

[Event "It (open)"]
[Site "masterchessopen.com - masterchessopen.com - San Fernando (Spain)"]
[Date "2004.07.24"]
[Round "8"]
[White "Sevillano Leal Julio (ESP)"]
[Black "Facio Cortes Javier (ESP)"]
[Result "0-1"]
[WhiteElo "1997"]
[BlackElo "1866"]

1.d4 Nf6 2.c4 c5 3.d5 b5 4.cxb5 a6 5.b6 d6 6.Nc3 Qxb6 7.e4 Nbd7 8.Nf3 g6 9.Bd3
Bg7 10.O-O O-O 11.Qc2 Ng4 12.Bg5 Re8 13.Bf4 Nde5 14.Bxe5 Bxe5 15.Kh1 Rb8
16.Rab1 Bd7 17.b3 Bb5 18.Nd1 Bxd3 19.Qxd3 Qb5 20.Qd2 Qxf1+ {#R} 0-1

[Event "It (open)"]
[Site "masterchessopen.com - masterchessopen.com - Charleroi (Belgium)"]
[Date "2004.07.30"]
[Round "1"]
[White "Lombart Philippe (BEL)"]
[Black "Delmotte Eric (FRA)"]
[Result "1-0"]
[WhiteElo "2031"]
[BlackElo "1806"]

1.d4 Nf6 2.c4 c5 3.d5 b5 4.cxb5 a6 5.e3 axb5 6.Bxb5 Qa5+ 7.Nc3 g6 8.Ne2 Bg7
9.O-O O-O 10.a4 d6 11.Ra3 Ba6 12.e4 Nbd7 13.f4 Qb6 14.Rf3 Ng4 15.Bxd7 c4+
16.Kh1 Nf2+ 17.Rxf2 Qxf2 18.Qg1 Qh4 19.g3 Qh5 20.g4 Qh6 21.g5 {#r} 1-0

[Event "It (open) \"]
[Site "masterchessopen.com - masterchessopen.com - Berlin (Germany)"]
[Date "2004.08.15"]
[Round "2"]
[White "Dimitrijeski Kristian (GER)"]
[Black "Kuhn Christian (GER)"]
[Result "1-0"]
[WhiteElo "2110"]
[BlackElo "2043"]

1.d4 Nf6 2.c4 c5 3.d5 b5 4.cxb5 a6 5.Nc3 axb5 6.e4 b4 7.Nb5 d6 8.Bf4 Ba6 9.e5
dxe5 10.Bxe5 Bxb5 11.Bxb5+ Nbd7 12.Bc6 Ra6 13.Nf3 g6 14.Bxf6 exf6 15.O-O Bd6
16.Qe2+ Kf8 17.Qxa6 {#r} 1-0

[Event "It (open)"]
[Site "masterchessopen.com - masterchessopen.com - Fouesnant (France)"]
[Date "2004.10.27"]
[Round "6"]
[White "Rabouan Jean-Francois (FRA)"]
[Black "Luco Alain (FRA)"]
[Result "0-1"]
[WhiteElo "2004"]
[BlackElo "2154"]

1.d4 Nf6 2.c4 c5 3.d5 b5 4.cxb5 a6 5.Nc3 axb5 6.e4 b4 7.Nb5 d6 8.Bc4 Ra5 9.e5
dxe5 10.d6 exd6 11.Qb3 d5 12.Bxd5 Nxd5 13.Qxd5 Rxb5 {#R} 0-1

[Event "It (open)"]
[Site "masterchessopen.com - masterchessopen.com - Fouesnant (France)"]
[Date "2004.10.29"]
[Round "8"]
[White "Westrik Eric"]
[Black "Katz Frederic (FRA)"]
[Result "0-1"]
[WhiteElo "1600"]
[BlackElo "2105"]

1.d4 Nf6 2.c4 c5 3.d5 b5 4.cxb5 a6 5.b6 e6 6.Nc3 Bb7 7.e4 exd5 8.exd5 d6 9.Nf3
Nbd7 10.Bc4 Nxb6 11.Qe2+ Qe7 12.Be3 Nfxd5 13.O-O Nxe3 14.Bxf7+ Qxf7 15.Qxe3+
Be7 16.Ng5 Qf6 17.Rfe1 O-O 18.Qxe7 {#R} 0-1

[Event "It (open)"]
[Site "masterchessopen.com - masterchessopen.com - Obrenovac (Yugoslavia)"]
[Date "2004.11.30"]
[Round "9"]
[White "Irizanin Radoje (SRB)"]
[Black "Vukasinovic Sasa (SRB)"]
[Result "1-0"]
[WhiteElo "2240"]
[BlackElo "2130"]

1.d4 Nf6 2.c4 c5 3.d5 b5 4.cxb5 a6 5.b6 Bb7 6.Nc3 e6 7.e4 Qxb6 8.Bc4 Qb4 9.Qe2
Be7 10.a4 exd5 11.exd5 O-O 12.Nf3 Bxd5 13.Bxd5 Nxd5 14.O-O {#r} 1-0

[Event "It (open)"]
[Site "masterchessopen.com - masterchessopen.com - Bethune (France)"]
[Date "2004.12.26"]
[Round "1"]
[White "Burgnies Stephane (FRA)"]
[Black "Franck Boris (FRA)"]
[Result "1-0"]
[WhiteElo "2162"]
[BlackElo "2001"]

1.d4 Nf6 2.c4 c5 3.d5 b5 4.cxb5 a6 5.e3 axb5 6.Bxb5 Qa5+ 7.Nc3 Bb7 8.Bd2 Qb6
9.Nge2 Nxd5 10.O-O e6 11.e4 Nf6 12.e5 Nd5 13.a4 Be7 14.Nxd5 exd5 15.Nf4 O-O
16.Ra3 f6 17.Bc1 d4 18.Bc4+ Kh8 19.Ng6+ hxg6 20.Rh3# 1-0

[Event "Cup Rilton"]
[Site "masterchessopen.com - masterchessopen.com - Stockholm (Sweden)"]
[Date "2005.01.04"]
[Round "8"]
[White "Duenas Alexis (SWE)"]
[Black "Orndahl Markus (SWE)"]
[Result "0-1"]
[WhiteElo "1965"]
[BlackElo "1971"]

1.d4 Nf6 2.c4 c5 3.d5 b5 4.cxb5 a6 5.f3 e6 6.e4 c4 7.Nc3 axb5 8.Nxb5 Ba6 9.Nc3
Bc5 10.Nh3 Qb6 11.Qc2 O-O 12.Bg5 exd5 13.Bxf6 Qxf6 14.Nxd5 Qe5 15.Bxc4 Bxc4
16.f4 Qd4 17.Rd1 Bb4+ 18.Nxb4 Qe3+ {#R} 0-1

[Event "Ch France (team) (nat.4) 2004/05"]
[Site "masterchessopen.com - masterchessopen.com - France"]
[Date "2005.01.09"]
[Round "4"]
[White "Alirached Fodil (FRA)"]
[Black "Prioux Pascal (FRA)"]
[Result "1-0"]
[WhiteElo "2003"]
[BlackElo "2078"]

1.d4 Nf6 2.c4 c5 3.d5 b5 4.cxb5 a6 5.e3 axb5 6.Bxb5 Qa5+ 7.Nc3 Bb7 8.Bd2 Nxd5
9.Nxd5 Qd8 10.e4 e6 11.Nc3 Be7 12.Nf3 O-O 13.e5 Na6 14.Bf4 Bxf3 15.gxf3 Bg5
16.Bg3 Nb4 17.a3 Qa5 18.O-O {#r} 1-0

[Event "It \"]
[Site "masterchessopen.com - masterchessopen.com - St.Petersburg (Russia)"]
[Date "2005.03.04"]
[Round "1"]
[White "Korniushin Nikolay (RUS)"]
[Black "Papenin Nikolai (UKR)"]
[Result "1-0"]
[WhiteElo "2351"]
[BlackElo "2325"]

1.d4 Nf6 2.c4 c5 3.d5 b5 4.cxb5 a6 5.Nc3 axb5 6.e4 b4 7.Nb5 d6 8.Bf4 g5 9.Bxg5
Nxe4 10.Bf4 Qa5 11.Bc4 Nd7 12.Qe2 Ba6 13.Nf3 b3+ 14.Bd2 Nxd2 15.Nxd6+ Kd8
16.Nxf7+ Ke8 17.Nxd2 Kxf7 18.O-O Bxc4 19.Nxc4 Qa6 20.Rfe1 Nf6 21.d6 {#r} 1-0

[Event "It (open)"]
[Site "masterchessopen.com - masterchessopen.com - Coventry (England)"]
[Date "2005.03.26"]
[Round "4"]
[White "Talbot Andrew (ENG)"]
[Black "Ireland David"]
[Result "1-0"]
[WhiteElo "2179"]
[BlackElo "1790"]

1.d4 Nf6 2.c4 c5 3.d5 b5 4.cxb5 a6 5.f3 d6 6.e4 Qb6 7.Na3 axb5 8.Bxb5+ Nbd7
9.Ne2 g6 10.Nc3 Bg7 11.Nc4 Qc7 12.Bc6 Bb7 13.Nb5 Qb8 14.Bxb7 {#r} 1-0

[Event "Ch France (team) (nat.1) 2004/05"]
[Site "masterchessopen.com - masterchessopen.com - France"]
[Date "2005.05.07"]
[Round "10"]
[White "Le Bailly Baptiste (FRA)"]
[Black "Picard Clement (FRA)"]
[Result "1-0"]
[WhiteElo "2106"]
[BlackElo "2167"]

1.d4 Nf6 2.c4 c5 3.d5 b5 4.cxb5 a6 5.Nc3 axb5 6.e4 b4 7.Nb5 d6 8.e5 dxe5 9.Bc4
g6 10.d6 exd6 11.Bg5 Bb7 12.Nf3 Na6 13.Nxe5 Qe7 14.Nxd6+ Qxd6 15.Bxf6 Be7
16.Qxd6 Bxd6 17.Bxh8 O-O-O 18.Nxf7 Re8+ 19.Kf1 Bf8 20.Re1 Rd8 21.Nxd8 {#r} 1-0

[Event "It (open)"]
[Site "masterchessopen.com - masterchessopen.com - Bajada de la Virgen (Spain)"]
[Date "2005.06.17"]
[Round "7"]
[White "Martin Martin Francisco (ESP)"]
[Black "Garcia Blanco Omar (ESP)"]
[Result "0-1"]
[WhiteElo "2080"]
[BlackElo "1924"]

1.d4 Nf6 2.c4 c5 3.d5 b5 4.cxb5 a6 5.Nc3 Qb6 6.bxa6 Bxa6 7.e4 Bxf1 8.Kxf1 d6
9.Nf3 Nbd7 10.g3 g6 11.Kg2 Bg7 12.Qc2 O-O 13.a4 Ng4 14.Nb5 Nge5 15.Nd2 Rfb8
16.f4 Qd8 17.Rb1 Nb6 {#R} 0-1

[Event "It (open)"]
[Site "masterchessopen.com - masterchessopen.com - La Fere (France)"]
[Date "2005.07.03"]
[Round "2"]
[White "Zimmerman Yuri (ISR)"]
[Black "Maufroid Loic (FRA)"]
[Result "1-0"]
[WhiteElo "2391"]
[BlackElo "1954"]

1.d4 Nf6 2.c4 c5 3.d5 b5 4.cxb5 a6 5.e3 Bb7 6.Nc3 e6 7.bxa6 Nxa6 8.Bc4 Qb6
9.e4 Nc7 10.Qe2 exd5 11.exd5+ Be7 12.Nf3 Bxd5 13.Nxd5 Ncxd5 14.O-O O-O 15.Rd1
{#r} 1-0

[Event "It (b)"]
[Site "masterchessopen.com - masterchessopen.com - Aarhus (Denmark)"]
[Date "2005.07.04"]
[Round "3"]
[White "Baekgaard Martin (DEN)"]
[Black "Pedersen Peter (DEN)"]
[Result "1-0"]
[WhiteElo "2192"]
[BlackElo "1821"]

1.d4 Nf6 2.c4 c5 3.d5 b5 4.cxb5 a6 5.f3 d6 6.e4 g6 7.Na3 Bg7 8.Ne2 O-O 9.Nc3
e6 10.Be2 Nh5 11.Be3 exd5 12.Qxd5 Ra7 13.Rd1 Rd7 14.O-O Qh4 15.Bg5 {#r} 1-0

[Event "It (open)"]
[Site "masterchessopen.com - masterchessopen.com - Avoine (France)"]
[Date "2005.07.24"]
[Round "2"]
[White "Gendre Jean-Claude (FRA)"]
[Black "Marchadour Emilie (FRA)"]
[Result "0-1"]
[WhiteElo "1862"]
[BlackElo "2030"]

1.d4 Nf6 2.c4 c5 3.d5 b5 4.cxb5 a6 5.b6 Qxb6 6.Nc3 g6 7.e4 d6 8.Bd3 Bg7 9.Qc2
O-O 10.Nge2 Nfd7 11.f4 a5 12.Be3 Ba6 13.Rb1 Qb7 14.O-O c4 {#R} 0-1

[Event "Ch Netherlands (open)"]
[Site "masterchessopen.com - masterchessopen.com - Dieren (Netherlands)"]
[Date "2005.07.27"]
[Round "2"]
[White "Miedema Roi (NED)"]
[Black "Livshits Gaby (ISR)"]
[Result "0-1"]
[WhiteElo "2201"]
[BlackElo "2381"]

1.d4 Nf6 2.c4 c5 3.d5 b5 4.cxb5 a6 5.f3 Qa5+ 6.Bd2 Qb6 7.e4 axb5 8.Na3 c4
9.Nc2 e6 10.Be3 Bc5 11.Bxc5 Qxc5 12.Qd4 d6 13.b4 Qc7 14.Ne2 exd5 15.Nc3 Nc6
16.Nxb5 Qb8 17.Qd2 Qxb5 18.a4 Rxa4 19.Rxa4 Qxa4 20.exd5 Ne5 21.f4 Ne4 {#R} 0-1

[Event "Ch Europe (juniors) (under 16)"]
[Site "masterchessopen.com - masterchessopen.com - Herceg Novi (Montenegro)"]
[Round "7"]
[White "Schiendorfer Florian (SUI)"]
[Black "Pym Thomas W (ENG)"]
[Result "1-0"]
[WhiteElo "2020"]
[BlackElo "2100"]

1.d4 Nf6 2.c4 c5 3.d5 b5 4.cxb5 a6 5.f3 axb5 6.e4 Qa5+ 7.Bd2 b4 8.Na3 d6 9.Nc4
Qc7 10.a3 bxa3 11.Rxa3 Rxa3 12.bxa3 e6 13.Ba5 Qe7 14.Nb6 Bb7 15.Bb5+ Nfd7
16.Ne2 g6 17.Bc3 Rg8 18.Qa4 exd5 19.exd5 Qd8 20.Qa7 Qc7 21.Ba5 {#r} 1-0

[Event "It (open)"]
[Site "masterchessopen.com - masterchessopen.com - Madrid (Spain)"]
[Date "2005.09.23"]
[Round "2"]
[White "Cuadrado Lopez Francisco Javier (ESP)"]
[Black "Trujillo Delgado Dafnae (ESP)"]
[Result "0-1"]
[WhiteElo "1975"]
[BlackElo "2182"]

1.d4 Nf6 2.c4 c5 3.d5 b5 4.cxb5 a6 5.e3 g6 6.Nc3 Bg7 7.Nf3 O-O 8.a3 d6 9.e4
axb5 10.Bxb5 Nxe4 11.Nxe4 Qa5+ 12.Nc3 Bxc3+ 13.bxc3 Qxb5 14.Qc2 Ba6 15.Rb1 Qc4
16.Bh6 Re8 17.Qd2 Qe4+ {#R} 0-1

[Event "It (open)"]
[Site "masterchessopen.com - masterchessopen.com - Hamburg (Germany)"]
[Date "2005.10.05"]
[Round "5"]
[White "Jablonowski Christop (GER)"]
[Black "Faure Marc (GER)"]
[Result "1-0"]
[WhiteElo "1942"]
[BlackElo "1776"]

1.d4 Nf6 2.c4 c5 3.d5 b5 4.cxb5 a6 5.Nc3 axb5 6.e4 b4 7.Nb5 d6 8.Bf4 Nbd7
9.Nf3 Bb7 10.Bc4 Nb6 11.b3 g6 12.e5 Nfxd5 13.exd6 Nxc4 14.bxc4 Nxf4 15.Nc7+
Kd7 16.Ne5+ Kc8 17.Qg4+ e6 18.Qxf4 Qxd6 19.Nb5 Qb8 20.Qf6 {#r} 1-0

[Event "It (open) (b)"]
[Site "masterchessopen.com - masterchessopen.com - Hamburg (Germany)"]
[Date "2005.10.09"]
[Round "9"]
[White "Bollmann Rolf"]
[Black "Klawitter Bernd"]
[Result "0-1"]
[WhiteElo "1603"]
[BlackElo "1466"]

1.d4 Nf6 2.c4 c5 3.d5 b5 4.cxb5 a6 5.Nc3 axb5 6.Nxb5 Qa5+ 7.Nc3 Ba6 8.Bd2 Qb4
9.Qc2 Bc4 10.b3 Bxb3 11.Rb1 Bxc2 12.Rxb4 {#R} 0-1